[Event "Legislatura Portena Open 2019"]
[Site "Buenos Aires"]
[Date "2019.03.23"]
[Round "4.1"]
[White "Pierrot, Facundo"]
[Black "Tristan, Leonardo"]
[Result "0-1"]
[WhiteElo "2383"]
[BlackElo "2504"]
[Annotator "TA"]
[PlyCount "132"]
[EventDate "2019.03.20"]
[EventType "swiss"]
[EventCountry "ARG"]
[SourceTitle "playchess.com"]
[Source "ChessBase"]
[SourceQuality "1"]

{[%evp 31,132,19,22,-49,-43,-57,-54,-61,-54,-72,-71,-83,-92,-94,-99,-105,-69,-83,-29,-90,-87,-90,-85,-99,-44,-105,-116,-122,-95,-117,-117,-119,-63,-74,-90,-99,-88,-83,-80,-125,-124,-184,-187,-184,-176,-170,-172,-216,-210,-495,-491,-453,-367,-373,-360,-507,-73,-74,-74,-74,-74,-85,-82,-193,-181,-190,-179,-177,-54,-131,-117,-229,-227,-258,-223,-374,-364,-724,-701,-660,-660,-535,-482,-474,-452,-576,-568,-1054,-1047,-984,-830,-4622,-4614,-4133,-2127,-29969,-29964,-29978,-29979,-29978,-29979,-29967,-29958]} 1. e4 e5 2. Nf3 Nc6 3. Bb5 a6 4. Ba4 Nf6 5. O-O Be7 6. Re1 b5 7. Bb3 d6 8. c3 O-O 9. h3 Na5 10. Bc2 c5 11. d4 Nd7 12. Nbd2 exd4 13. cxd4 Nc6 14. Nf1 Nxd4 15. Nxd4 cxd4 16. Qxd4 Ne5 17. Ne3 {C96: Closed Ruy Lopez: Chigorin Defence: 11 d4, replies other than 11...Qc7} (17. f4 $11 Nc6 18. Qe3) 17... Bxh3 $1 $15 18. Nd5 Rc8 19. Bb3 {Black is slightly better.} Bf6 20. Qd1 Bg4 21. f3 {[#]} Be6 $146 ({Predecessor:} 21... Bh5 22. g4 Bg5 23. Be3 Bxe3+ 24. Rxe3 Qg5 {1-0 (68) Bluvshtein,M (2462)-Arencibia Rodriguez,W (2531) Kapuskasing 2004}) 22. Nxf6+ Qxf6 23. Be3 Bc4 24. Bc2 b4 (24... h5 $17 25. Rc1 Bxa2) 25. Rc1 (25. f4 $11 {keeps the balance.}) 25... Bb5 26. Bb1 Rxc1 27. Bxc1 Rc8 (27... h5 $17) 28. a3 (28. f4 $15 Ng6 29. Qd2) 28... bxa3 $17 29. bxa3 h5 30. a4 Bc4 31. Qd2 Rb8 (31... Bb3 $17 32. Qg5 Qxg5 33. Bxg5 Bxa4) 32. Bc2 $1 $15 Bb3 $36 {[%mdl 2048] White is under strong pressure.} 33. Rf1 Bxc2 34. Qxc2 h4 35. Qe2 {[#]} h3 $1 {[%mdl 512]} 36. gxh3 (36. Qxa6 $17 Qg6 37. Qe2) 36... Rb3 $19 {[%cal Re5f3]} 37. Kg2 Qg6+ 38. Kh2 Qh5 39. Be3 Ng6 {...Qe5+ is the strong threat.} 40. Rg1 $2 (40. Bd2) 40... Qe5+ 41. Kh1 Rb2 42. Bd2 Qe6 43. Qh2 (43. Qg2 $142) 43... Ne5 $2 (43... Qb3 $19 {and Black stays clearly on top.} 44. Rf1 Qc2 45. Qxd6 Qxd2 46. Qxd2 Rxd2) 44. Qg3 $17 {[%csl Gg1][%cal Rg3g7]} g6 45. Bc3 Rb3 46. Bxe5 dxe5 {[%mdl 4096] Endgame KQR-KQR} 47. Rc1 {[#]} (47. h4 $17) 47... Qf6 $1 $19 48. Kg2 Rb2+ 49. Kh1 Qd6 (49... Ra2 $19 50. h4 Kh7) 50. Qg5 ({Better is} 50. h4 $15) 50... Kg7 $17 51. Rg1 (51. Qg3 $17) 51... Qf6 52. Qxf6+ Kxf6 $19 {KR-KR} 53. Rc1 $2 {[#]} (53. h4 {was called for.}) 53... Kg5 $1 54. Rc7 $2 (54. Kg1 Kf4 55. Rc7) 54... Kf4 55. Kg1 Kg3 {( -> ...Rb1+)} 56. Kf1 Rf2+ 57. Ke1 Rxf3 58. Ke2 Rf4 59. Ke3 f5 60. exf5 gxf5 61. a5 Ra4 62. Rg7+ Kxh3 63. Rg5 f4+ {Black mates.} 64. Kf3 Ra3+ 65. Ke4 Re3+ 66. Kd5 f3 {Accuracy: White = 29%, Black = 61%.} 0-1

[Event "Legislatura Portena Open 2019"]
[Site "Buenos Aires"]
[Date "2019.03.23"]
[Round "4.2"]
[White "Alonso, Salvador"]
[Black "Della Morte, German"]
[Result "0-1"]
[WhiteElo "2497"]
[BlackElo "2366"]
[Annotator "TA"]
[PlyCount "162"]
[EventDate "2019.03.20"]
[EventType "swiss"]
[EventCountry "ARG"]
[SourceTitle "playchess.com"]
[Source "ChessBase"]
[SourceQuality "1"]

{[%evp 12,162,30,16,18,4,9,0,3,0,14,13,16,7,11,0,22,8,34,0,11,8,11,0,0,0,0,0,0,0,0,0,0,-9,0,0,0,0,0,0,0,0,0,0,0,0,0,0,0,0,0,0,0,0,18,0,0,0,0,0,0,-12,0,-14,-14,-14,-14,-14,-20,-12,0,-61,-33,-33,-33,-29,0,0,0,0,0,0,0,0,0,0,0,0,0,0,0,0,0,0,0,0,0,0,0,0,0,0,34,8,8,5,8,0,0,0,0,0,0,-8,-8,-31,-14,-14,-14,-14,-15,-17,-20,-22,-15,-24,-15,-22,-14,-22,-8,-14,-8,-8,-8,-13,-13,-22,-22,-67,-33,-68,-68,-68,-68,-29963,-29964,-29954,-29957,-7697,-8337,-5544,-670]} 1. e4 e5 2. Nf3 Nc6 3. Bc4 Nf6 4. d3 Bc5 5. O-O O-O 6. c3 d6 7. Nbd2 a5 {C54: Giuoco Piano: 4 c3 Nf6, main lines with 5 d4 and 5 d3} 8. Bb3 Be6 (8... h6 9. Re1 Be6 10. Nf1 Re8 11. Ba4 Qb8 12. d4 exd4 13. cxd4 Bb4 14. Re2 b5 15. Bc2 {0-1 (33) Aronian,L (2767)-Nakamura,H (2777) chess.com INT 2018}) 9. Re1 Bxb3 {The position is equal.} 10. Nxb3 Ba7 $146 ({Predecessor:} 10... a4 11. Nxc5 dxc5 12. Bg5 h6 13. Be3 Qe7 14. Nh4 {½-½ (36) Fang,Y (2420)-Zhou,W (2606) China 2017}) 11. Bg5 h6 12. Bh4 g5 13. Bg3 Re8 14. Nbd2 d5 15. a4 dxe4 16. dxe4 Qd3 17. Qe2 (17. Nb3 {feels hotter.} Qxd1 18. Raxd1 Rab8 19. Kf1 b5 20. Nbd2) 17... Qxe2 18. Rxe2 Nd7 19. Nc4 f6 20. Nfd2 Nc5 21. Kf1 Red8 22. f3 Rd3 23. Bf2 Ne6 24. Bxa7 Rxa7 25. Nb3 Ra8 26. Rd2 Rxd2 27. Ncxd2 Rd8 28. g3 b6 29. Ke2 Kf7 30. Rh1 Rg8 31. Nc4 h5 32. Ne3 Rb8 33. Kd3 h4 34. Ng4 Rh8 {White must now prevent ...hxg3.} 35. Rg1 Nb8 36. Ke2 Nd7 37. Nd2 Ndc5 38. Ra1 Rd8 {Strongly threatening ...Rxd2+!} 39. Nc4 Nb3 40. Rg1 Rh8 41. Nd2 ({Better is} 41. Nce3 $11) 41... Nxd2 42. Kxd2 hxg3 43. hxg3 $15 {[%mdl 4096] Endgame KRN-KRN} Nc5 44. b4 Nxa4 45. Ra1 Nb2 46. Kc2 $1 {[%cal Rc2b2]} Nc4 47. Kd3 Nd6 48. bxa5 bxa5 49. Rxa5 Rh3 50. Ra7 Ne8 51. Ke2 Rxg3 52. Ne3 Ke6 53. Ra6+ Kd7 54. Nd5 c6 55. Ra7+ Kd6 56. Ne3 Kc5 57. Ra5+ Kb6 58. Ra8 Nd6 59. Rf8 {[#]} g4 $1 {[%mdl 512]} 60. Nxg4 Nxe4 61. Nxf6 Nxc3+ 62. Kf2 Rg7 63. Ng4 Re7 64. Ke3 e4 65. fxe4 Nxe4 66. Kd3 Nc5+ 67. Kd2 Ne6 68. Rb8+ Kc7 69. Ra8 Kb7 70. Ra1 c5 71. Ne3 Nd4 72. Rb1+ Kc6 73. Nc4 Rh7 74. Rb6+ Kd5 75. Kd3 {[%csl Gc4][%cal Rb6d6]} Nf5 76. Nd2 Rh3+ 77. Kc2 Ne3+ 78. Kb2 $2 {[%mdl 8192]} (78. Kb1 $15) 78... Rh2 79. Kc3 {[#]} Rxd2 $1 {[%mdl 512]} 80. Rb8 (80. Kxd2 Nc4+) 80... Rh2 {( -> ...Nd1+)} 81. Rd8+ Kc6 {Accuracy: White = 57%, Black = 51%.} 0-1

[Event "Legislatura Portena Open 2019"]
[Site "Buenos Aires"]
[Date "2019.03.23"]
[Round "4.3"]
[White "Villanueva, Mario"]
[Black "Romero Barreto, Jaime Jose"]
[Result "0-1"]
[WhiteElo "2482"]
[BlackElo "2337"]
[Annotator "TA"]
[PlyCount "56"]
[EventDate "2019.03.20"]
[EventType "swiss"]
[EventCountry "ARG"]
[SourceTitle "playchess.com"]
[Source "ChessBase"]
[SourceQuality "1"]

{[%evp 24,56,32,34,46,48,58,43,66,52,65,77,71,-19,-27,-25,44,-11,122,119,129,129,162,135,148,73,57,31,43,0,124,0,17,-1222,-1194]} 1. e4 e5 2. Nf3 Nc6 3. Bb5 a6 4. Ba4 Nf6 5. O-O Be7 6. Re1 b5 7. Bb3 d6 8. c3 O-O 9. h3 Nb8 10. d4 Nbd7 11. c4 Bb7 12. Nc3 c6 13. a3 Qb8 {[#] C95: Closed Ruy Lopez: Breyer Variation with 10 d4} 14. Bg5 $146 ({Predecessor:} 14. Be3 Bd8 15. Ba2 Bb6 16. dxe5 Bxe3 17. exf6 Bh6 18. fxg7 Bxg7 19. cxb5 axb5 20. Nd4 Ne5 21. Nf5 {1-0 (42) Yu,Y (2667)-Yang,K (2331) China 2014}) 14... Re8 15. Ba2 exd4 {White is slightly better.} 16. Nxd4 c5 17. Nf5 b4 18. Na4 (18. axb4 $16 cxb4 19. Na4 (19. Nxe7+ Rxe7 20. Nd5 Bxd5 $14)) 18... Bf8 $11 19. f3 Bc6 (19... a5 $11) 20. Bb3 (20. axb4 $14 Qxb4 21. b3) 20... Re6 (20... a5 $11) 21. axb4 $16 Qxb4 22. Nc3 a5 23. Nd5 $36 {[%mdl 2048] White is in control.} Qb7 24. Ba4 (24. Bc2 $142) 24... Bxa4 25. Qxa4 Nxd5 26. exd5 Rg6 (26... Rxe1+ $11 27. Rxe1 Qb4 28. Qxb4 cxb4) 27. Bf4 (27. f4 $16) 27... Qxb2 {[%csl Gg6][%cal Rb2g2] [#]} (27... Ne5 $5 28. Bxe5 dxe5 $14) 28. Ra2 $2 {[%mdl 8192]} (28. Nh4 $11 Rf6 29. Bg5) 28... Rxg2+ $1 {Accuracy: White = 26%, Black = 31%.} 0-1

[Event "Legislatura Portena Open 2019"]
[Site "Buenos Aires"]
[Date "2019.03.23"]
[Round "4.4"]
[White "Zapata Charles, Santiago"]
[Black "Acosta, Pablo Ismael"]
[Result "1/2-1/2"]
[WhiteElo "2303"]
[BlackElo "2467"]
[Annotator "TA"]
[PlyCount "105"]
[EventDate "2019.03.20"]
[EventType "swiss"]
[EventCountry "ARG"]
[SourceTitle "playchess.com"]
[Source "ChessBase"]
[SourceQuality "1"]

{[%evp 24,105,0,-4,0,0,0,0,0,0,0,0,0,0,0,-16,0,0,-5,-37,-36,-41,10,10,0,3,18,0,0,7,0,-14,-13,-15,-8,-6,-6,-6,-8,-16,-16,-14,0,-18,0,-2,0,0,0,0,0,0,0,-8,-14,-118,-132,-134,-45,-110,-54,-55,138,13,12,11,13,0,0,0,0,0,0,0,0,0,0,0,0,0,0,0,0,0]} 1. e4 d6 2. d4 Nf6 3. Nc3 Nbd7 4. Nf3 e5 5. Bc4 Be7 6. O-O O-O 7. Re1 c6 8. a4 h6 9. Ba2 {C41: Philidor Defence} Re8 10. h3 Qc7 (10... exd4 11. Nxd4 Bf8 12. Be3 Nxe4 13. Nxe4 Rxe4 14. Qf3 d5 15. Rad1 Ne5 16. Qg3 Ng6 17. c4 Bd6 {0-1 (38) Saric,I (2695)-Ivanisevic,I (2603) Skopje 2018}) 11. Nh4 Nf8 12. dxe5 dxe5 13. Qf3 {LiveBook: 5 Games} Be6 14. Nf5 {White wants to play Qg3.} Bxa2 $1 15. Rxa2 Ne6 16. Ne2 {[%cal Bc3e2,Be2g3,Bg3f1,Bf1d2,Bd2c4][%mdl 32]} Rad8 17. Neg3 Kh7 $146 ({Predecessor:} 17... Nd4 18. Nxd4 Rxd4 {1-0 (26) Frigieri,F (2074)-Fiorentini,P (1984) Correggio 2007}) 18. Be3 Ng8 19. Raa1 Bb4 20. c3 Bf8 21. Nf1 g6 22. N5g3 a5 (22... Bc5 $15) 23. Nd2 $11 Rd3 24. Nc4 Bc5 $1 25. Rad1 Red8 26. Rxd3 Rxd3 27. Rd1 Rxd1+ 28. Qxd1 Bxe3 29. Nxe3 Nf6 30. Nc4 b5 31. axb5 cxb5 32. Ne3 Nf4 33. f3 Qc5 34. Ngf1 a4 35. Kh2 Kg7 36. g3 Ne6 37. Qd2 h5 38. Kg2 {[#]} h4 $1 {[%mdl 512] With the idea ...hxg3.} 39. gxh4 (39. Nf5+ $1 $11 gxf5 40. exf5) 39... Nf4+ $17 40. Kh2 Ne8 (40... Qc8 $6 41. Ng4 $15) (40... Qe7 $17 41. Ng2 a3 42. bxa3 Nxg2 43. Qxg2 (43. Kxg2 Nh5 $17) 43... Qxa3) 41. Ng3 {[#]} (41. Nd5 $15) 41... Qc8 (41... Nd6 $1 $17 {[%cal Rd6c4]} 42. Ngf1 Nc4 43. Nxc4 Qxc4) 42. Ng4 $15 f6 $2 {[#]} (42... Nf6 $1 $15 {keeps the upper hand.}) 43. Ne2 (43. h5 $1 $16 {[%mdl 512]}) 43... Nxe2 $11 {The position is equal.} 44. Qxe2 Qd7 45. Qe3 Kf7 46. Qh6 Qd1 47. Qh7+ Kf8 48. Qxg6 Qxf3 49. h5 Nd6 50. Nxf6 {Strongly threatening Qg8+.} ({Much weaker is} 50. Qxf6+ Qxf6 51. Nxf6 Nc4 $17) 50... Qf2+ 51. Kh1 {Hoping for Qg8+.} Qf1+ 52. Kh2 {Black must now prevent Qg8+.} Qf2+ 53. Kh1 {Precision: White = 55%, Black = 59%.} 1/2-1/2

[Event "Legislatura Portena Open 2019"]
[Site "Buenos Aires"]
[Date "2019.03.23"]
[Round "4.5"]
[White "Slipak, Sergio"]
[Black "Molina, Pablo Sebastian"]
[Result "1/2-1/2"]
[WhiteElo "2427"]
[BlackElo "2277"]
[Annotator "TA"]
[PlyCount "62"]
[EventDate "2019.03.20"]
[EventType "swiss"]
[EventCountry "ARG"]
[SourceTitle "playchess.com"]
[Source "ChessBase"]
[SourceQuality "1"]

{[%evp 13,62,-9,12,-34,-34,-31,-18,-49,-54,-60,-53,-51,-59,-50,-43,-78,-41,-44,-46,-54,-51,-48,-47,-44,-39,-51,0,0,0,-24,0,0,0,-10,0,0,0,0,0,0,0,0,0,-20,0,0,0,0,0,0,0]} 1. Nf3 Nf6 2. d4 g6 3. Bg5 Bg7 4. Nbd2 d6 5. e4 h6 6. Bh4 O-O 7. c3 Nc6 8. Bc4 {A48: 1 d4 Nf6 2 Nf3 g6: Torre, London and Colle Systems} Nxe4 {[%mdl 64] [#] Remove Defender, Decoy} 9. Nxe4 d5 {[%mdl 64] Double Attack} 10. Bb3 $146 {Hoping for Nc5.} ({Predecessor:} 10. Bd3 dxe4 11. Bxe4 f5 12. Bc2 g5 13. Bxg5 hxg5 14. Nxg5 Qe8 15. f4 {½-½ (32) Gholami,A (2489)-Sunilduth Lyna,N (2573) Moscow 2018}) 10... dxe4 11. Nd2 Na5 12. Nxe4 Nxb3 13. Qxb3 Be6 14. Qa3 Qd5 15. f3 f5 16. Nc5 Bf7 17. O-O b6 18. Na6 Qb7 {Threatens to win with ...Bc4.} 19. Rfe1 Rfe8 (19... g5 $15 20. Bf2 {[#]} e5 $1 {[%mdl 512]}) 20. Bg3 $11 Rac8 21. Be5 c5 {Threatening ...Bc4.} 22. Bxg7 {The position is equal.} Kxg7 23. dxc5 Bc4 24. Nb4 {Strongly threatening c6.} bxc5 25. Nc2 e5 26. Ne3 Bf7 27. c4 Qb4 28. Qxa7 Ra8 29. Qc7 Rac8 30. Qa7 Ra8 31. Qc7 $1 Rac8 {Accuracy: White = 76%, Black = 74%.} 1/2-1/2

[Event "Legislatura Portena Open 2019"]
[Site "Buenos Aires"]
[Date "2019.03.23"]
[Round "4.6"]
[White "Quiroga, Facundo"]
[Black "Saldano Dayer, Horacio"]
[Result "1-0"]
[WhiteElo "2267"]
[BlackElo "2422"]
[Annotator "TA"]
[PlyCount "110"]
[EventDate "2019.03.20"]
[EventType "swiss"]
[EventCountry "ARG"]
[SourceTitle "playchess.com"]
[Source "ChessBase"]
[SourceQuality "1"]

{[%evp 10,110,8,-6,5,-19,0,-2,5,0,0,0,0,-4,0,0,0,0,34,24,50,23,31,31,42,0,0,0,0,0,0,0,0,0,0,0,12,0,0,-112,-126,-96,-101,-73,-89,-135,0,0,0,0,0,0,403,397,373,366,583,607,598,593,580,575,569,572,566,548,517,413,650,648,642,642,653,633,647,607,633,627,629,625,571,497,469,456,516,465,637,490,485,487,476,475,551,547,712,711,858,698,1005,1001,1210,1181,1150]} 1. Nf3 c5 2. g3 g6 3. Bg2 Bg7 4. O-O Nc6 5. d3 d6 6. Nc3 e5 {A04: Unusual lines after 1 Nf3 and King's Indian Attack} (6... Bd7 7. Bd2 Qc8 8. a3 Bh3 9. Bxh3 Qxh3 10. b4 Nf6 11. bxc5 Ng4 12. Ne4 h6 13. Be1 Nce5 14. Ned2 h5 15. d4 Nxf3+ 16. Nxf3 h4 17. Qd3 hxg3 18. fxg3 Nxh2 {0-1 (18) Bareev,E (2675)-So,W (2773) Chess Supersite INT 2016}) 7. Nd5 h6 8. c4 Nge7 {The position is equal.} 9. Nxe7 $146 ({Predecessor:} 9. Rb1 O-O 10. Ne1 Rb8 11. Bd2 Bd7 12. b4 Nxd5 13. Bxd5 Bh3 14. Ng2 Ne7 {½-½ (39) Vo,T (2413)-Tran,Q (2286) Vietnam 2016}) 9... Qxe7 10. Rb1 O-O 11. a3 a5 12. Ne1 Nd4 13. Nc2 Bg4 14. Re1 Qd7 15. Nxd4 cxd4 16. b4 a4 17. Qc2 Bh3 18. Bd5 Be6 19. Bxe6 Qxe6 20. e3 dxe3 21. Bxe3 d5 {[%cal Bd6d5,Bd5d4][%mdl 32]} 22. b5 Rfd8 23. Rb4 Qf5 24. Rxa4 (24. Bb6 $11 Rdc8 25. c5) 24... Rxa4 $17 25. Qxa4 d4 $1 {[%cal Rd4e3]} 26. Bc1 Qxd3 27. c5 Rc8 (27... Kh7 $17 28. c6 bxc6) 28. c6 $1 $11 {[%cal Rc6b7]} bxc6 29. b6 {Hoping for b7.} Qc3 30. Rf1 Bf8 $2 {[%mdl 8192] [#]} (30... Qc5 $1 $11 {and Black stays safe.} 31. Qa7 Re8) 31. Qa7 $1 $18 Re8 {[#]} 32. Qd7 $1 {[%cal Rd7e8]} Re7 (32... Rb8 $142) 33. Qc8 g5 34. b7 Rxb7 35. Qxb7 e4 36. Bb2 Qd2 37. Qb3 c5 38. Rc1 Qe2 (38... e3 $142) 39. Qc2 {White is clearly winning.} Qb5 40. a4 Qb4 41. Ba1 Bd6 42. Qxe4 Qxa4 43. Qd5 Bf8 44. Kg2 Qb4 45. Qc4 Qb7+ 46. Kg1 Qe4 47. Bb2 h5 48. Ra1 h4 49. Ra7 Qf3 50. Ra3 Qd1+ 51. Kg2 Qb1 52. Rf3 h3+ 53. Kxh3 g4+ 54. Kxg4 Qg6+ 55. Kh3 Qe6+ {Accuracy: White = 73%, Black = 54%.} 1-0

[Event "Legislatura Portena Open 2019"]
[Site "Buenos Aires"]
[Date "2019.03.23"]
[Round "4.7"]
[White "Perez, Maximiliano"]
[Black "Barrionuevo, Pablo"]
[Result "1-0"]
[WhiteElo "2418"]
[BlackElo "2263"]
[Annotator "TA"]
[PlyCount "97"]
[EventDate "2019.03.20"]
[EventType "swiss"]
[EventCountry "ARG"]
[SourceTitle "playchess.com"]
[Source "ChessBase"]
[SourceQuality "1"]

{[%evp 18,97,6,-40,0,0,0,-33,0,-16,0,0,11,13,86,67,98,64,53,46,52,60,64,64,51,7,0,0,7,16,167,148,170,162,177,99,94,0,164,169,143,118,150,103,120,118,141,117,119,125,129,119,125,137,124,142,130,113,124,116,175,171,316,312,277,262,281,284,359,359,498,493,444,337,325,330,320,310,366,364,346,339]} 1. e4 c5 2. Nf3 e6 3. d3 d5 4. Nbd2 Nc6 5. g3 g6 6. Bg2 Bg7 7. O-O Nge7 8. h4 h6 9. Re1 b6 10. Qe2 Ba6 {A08: King's Indian Attack} (10... d4 11. e5 Nd5 12. Nc4 O-O 13. a4 a6 14. Nh2 Rb8 15. Ng4 h5 16. Bg5 Qc7 17. Nf6+ Bxf6 18. exf6 {1-0 (63) Bauer,C (2651)-Fressinet,L (2706) Nancy 2015}) 11. exd5 $146 ({Predecessor:} 11. e5 Qc7 12. Nf1 Rc8 13. c3 b5 14. Bf4 b4 15. N1h2 bxc3 16. bxc3 Qa5 17. Rac1 c4 18. d4 {½-½ (36) Dzhumaev,M (2480)-Barua,D (2515) Raipur 2002}) 11... exd5 12. Nf1 O-O {Black is slightly better.} 13. c3 Re8 14. Bf4 Kh7 15. Qd2 b5 (15... Qd7 $11) 16. Rac1 Qb6 17. Ne3 Rad8 18. Ng4 {[%cal Rf4h6]} Nf5 19. h5 Bc8 20. hxg6+ fxg6 21. Nfe5 g5 $1 {[%cal Rg5f4]} 22. Nxc6 Qxc6 23. Be5 Bxe5 $2 {[#]} (23... Nxg3 $1 $11 24. Bxg3 Bxg4) 24. Nxe5 $18 Qc7 25. d4 $36 {[%mdl 2048] Black is under strong pressure.} c4 26. Ng4 (26. b4 $18) 26... Kg7 $16 27. Ne5 (27. Rxe8 $16 Rxe8 28. Ne5 (28. Bxd5 Qd6 $11)) 27... Kh7 $1 $18 28. Qc2 {[#] Hoping for g4.} Kg7 29. Qd1 Qd6 30. Qh5 {Strongly threatening Qf7+.} Rf8 31. Re2 Kg8 32. Qg6+ Qxg6 33. Nxg6 Rf6 34. Ne7+ Nxe7 35. Rxe7 Rf7 36. Rce1 Kf8 37. R7e5 Bb7 38. Bh3 Kg7 (38... Rf6 $16) 39. Bg4 Kf8 (39... Bc8 {was called for.}) 40. Bh5 Rfd7 41. Rf5+ Kg7 42. Re6 Rg8 43. Rff6 Rh8 44. Rg6+ Kf8 45. Ref6+ Ke7 46. Rxh6 Rxh6 47. Rxh6 Kd8 48. Rg6 Re7 {and the idea ...Re1+ leaves Black hopeful.} 49. Kf1 {Accuracy: White = 53%, Black = 39%.} ({But not} 49. Rxg5 Re1+ 50. Kg2 Rb1 $18) 1-0

[Event "Legislatura Portena Open 2019"]
[Site "Buenos Aires"]
[Date "2019.03.23"]
[Round "4.8"]
[White "Madina Yadarola, Martin"]
[Black "Garcia Palermo, Carlos"]
[Result "0-1"]
[WhiteElo "2236"]
[BlackElo "2407"]
[Annotator "TA"]
[PlyCount "68"]
[EventDate "2019.03.20"]
[EventType "swiss"]
[EventCountry "ARG"]
[SourceTitle "playchess.com"]
[Source "ChessBase"]
[SourceQuality "1"]

{[%evp 9,68,36,89,39,50,21,34,0,0,0,4,0,14,-18,-12,-67,-45,-48,-44,-47,-54,-40,0,-45,-49,-54,-54,-67,-45,-64,-64,-101,-91,-110,-108,-114,-115,-109,-68,-60,-66,-65,-58,-74,-62,-71,-41,-47,-49,-44,-33,-46,-29,-100,-80,-173,-168,-304,-306,-308,-251]} 1. Nf3 b6 2. g3 Bb7 3. Bg2 f5 4. O-O Nf6 5. d3 g6 (5... e6 $14) (5... e6 6. c4 Nc6 7. Nc3 Bb4 8. Bd2 O-O 9. a3 Bxc3 10. Bxc3 d6 11. b4 Ne7 12. d4 Ne4 13. Bb2 Qd7 14. Qd3 {½-½ (70) Iturrizaga Bonelli,E (2673)-Yakubboev,N (2427) Sharjah 2017}) 6. e4 {A04: Unusual lines after 1 Nf3 and King's Indian Attack} fxe4 7. Ng5 Bg7 8. Nxe4 $146 {White is slightly better.} (8. dxe4 {seems wilder.} e5 9. Nc3 Nc6 10. f4 O-O 11. f5) ({Predecessor:} 8. dxe4 e5 9. f4 Nc6 10. b4 Qe7 11. Ba3 b5 12. Nc3 O-O-O 13. Qd2 {1-0 (46) Langheinrich,F (2442)-Schmitzer,K (2302) Frankfurt 2013}) 8... Nxe4 9. dxe4 e6 10. Nc3 Qe7 11. Be3 Nc6 12. f4 (12. Nb5 $11 O-O-O 13. c3) 12... Bxc3 13. bxc3 O-O-O 14. Qd3 Na5 15. Rfb1 d5 16. Bd4 dxe4 17. Qe2 Rhe8 18. Bxe4 Qd6 19. Bxb7+ Kxb7 20. Rb5 Nc6 21. Qf3 a6 22. Re5 Qa3 23. Qg2 Qb2 24. Ree1 Rd5 25. Bf6 Qb5 26. Re4 Qc5+ 27. Bd4 Nxd4 28. cxd4 Qc4 29. Qd2 Red8 {[%cal Rd5d4]} 30. c3 R8d6 31. Rae1 {[#]} (31. Rc1 $11 {remains equal.}) 31... Ra5 $1 $17 {[%cal Bd5a5,Ba5a2,Ba2c2][%mdl 32]} 32. Qg2 (32. R1e2 $17) 32... Ka7 $19 33. Qf3 (33. R1e2 $142) 33... Rxa2 34. R4e3 Rc2 {Accuracy: White = 33%, Black = 65%.} 0-1

[Event "Legislatura Portena Open 2019"]
[Site "Buenos Aires"]
[Date "2019.03.23"]
[Round "4.9"]
[White "Converset, Juan Jose"]
[Black "Rodriguez, Jorge Luis"]
[Result "1-0"]
[WhiteElo "2227"]
[BlackElo "2385"]
[Annotator "TA"]
[PlyCount "49"]
[EventDate "2019.03.20"]
[EventType "swiss"]
[EventCountry "ARG"]
[SourceTitle "playchess.com"]
[Source "ChessBase"]
[SourceQuality "1"]

{[%evp 16,49,-43,-22,-15,-25,-29,-23,33,26,20,0,0,-47,0,-7,186,181,177,172,345,337,468,468,483,482,606,596,1138,1122,29995,29996,29996,614,29997,29998]} 1. e4 c5 2. Nf3 Nc6 3. Bb5 g6 4. O-O Bg7 5. c3 Nf6 6. d4 cxd4 7. cxd4 Nxe4 8. d5 Nd6 9. Na3 Ne5 {B31: Sicilian: 2...Nc6 3 Bb5 g6} (9... a6 10. Bd3 Na7 11. Re1 O-O 12. Bg5 f6 13. Bf4 Nf7 14. Rc1 Nd6 15. Bxd6 exd6 16. Nc4 b5 17. Nxd6 {1-0 (39) Muzychuk,M (2545)-Ushenina,A (2458) Hancheng 2016}) 10. Nxe5 Bxe5 11. Re1 Bf6 (11... Nxb5 $2 12. Rxe5 d6 13. Re1 $18) (11... Bg7 $11) 12. Bh6 $1 $14 {[%mdl 1024] White has compensation.} Nf5 13. Qd2 $1 Qb6 14. Rad1 $146 ({Predecessor:} 14. Rac1 Nxh6 15. Qxh6 Qd4 16. Nc4 Bg7 17. Nd6+ Kf8 18. Qg5 Bf6 19. Qh6+ Bg7 20. Qg5 {½-½ (20) Tatai,S-Baumbach,F (2413) ICCF email 2012}) 14... a6 ({Of course not} 14... Nxh6 15. Nc4 $14) 15. Bd3 $1 $36 {[%cal Rd3f5][%mdl 2048] White has the initiative.} Qxb2 $2 {[#]} (15... Nxh6 $11 {and Black has nothing to worry.} 16. Nc4 Qd8 17. Qxh6 d6) 16. Bxf5 $1 $18 {Strongly threatening Nc4.} Qxd2 ({But not} 16... gxf5 17. Qxb2 Bxb2 18. Nc4) 17. Rxd2 {Threatens to win with Nc4.} gxf5 $2 (17... d6) 18. Nc4 Kd8 19. d6 b5 20. Nb6 Rb8 21. Nd5 Re8 {and the idea ...Bb7 leaves Black hopeful.} 22. Nxf6 exf6 23. Rxe8+ Kxe8 24. Re2+ Kd8 25. Bg7 {Accuracy: White = 90%, Black = 28%.} 1-0